00504 2200193 4500001002100000005001700021008004100038020001800079035002400097082001100121090002300132100001800155245003200173250001100205260003100216300002800247650001500275999002000290YOGYA-0311000000043720110325075451.0 ind  a979-672-629-7 0010-031100000000437 a372.52 a372.52bSan YlDEP aSANTOSA, Hari aYesus disalibbHari Santosa aCet. 1 aYogyakartabKanisiusc2000 a19 hlmbillusc30x21 cm aMenggambar aCB-D.11 2000-20